A discovery of subterranean treasure, viz., all manner of mines & minerals from the gold to the coal : with plain directions and rules for finding them in all kingdoms and countries, also the art of melting, refining, and assaying them made plain ... /

Bibliographic Details
Main Author: Plattes, Gabriel, active 1638-1640
Format: eBook
Language:English
Published: [London] : Sold by the Booksellers of London and Westminster, [1715?]
Series:Making of the modern world (Goldsmiths'-Kress Library of Economic Literature)
Subjects:
Online Access:Connect to the full text of this electronic book

MARC

Tag First Indicator Second Indicator Subfields
LEADER 00000cam a22000001a 4500
001 in00002321995
005 20190326205123.0
006 m | d |
007 cr |n||||||||n
008 010820s1715 enk s 000 0 eng d
040 |a TXA  |c TXA  |d OCLCQ  |d Thomson Gale  |d UtOrBLW 
100 1 |a Plattes, Gabriel,  |d active 1638-1640. 
240 1 0 |a Discovery of subterraneall treasure 
245 1 2 |a A discovery of subterranean treasure, viz., all manner of mines & minerals from the gold to the coal :  |b with plain directions and rules for finding them in all kingdoms and countries, also the art of melting, refining, and assaying them made plain ... /  |c by Mr. Gabriel Plattes. 
264 1 |a [London] :  |b Sold by the Booksellers of London and Westminster,  |c [1715?] 
300 |a 22 pages ;  |c 19 cm. 
336 |a text  |b txt  |2 rdacontent 
337 |a computer  |b c  |2 rdamedia 
338 |a online resource  |b cr  |2 rdacarrier 
500 |a Reproduction of original from Goldsmiths' Library, University of London. 
500 |a Goldsmiths'-Kress number 05200.01. 
510 4 |a OCLC,  |c 47807022 
533 |a Electronic reproduction.  |b Farmington Hills, Mich. :  |c Thomson Gale,  |d 2005.  |f (The making of the modern world).  |n Available via the World Wide Web.  |n Access limited to licensing agreements.  |7 s2005 miunns 
500 |a Electronic resource. 
650 0 |a Metallurgy  |v Early works to 1800. 
655 0 |a Electronic books. 
830 0 |a Making of the modern world (Goldsmiths'-Kress Library of Economic Literature) 
856 4 0 |u http://proxy.library.tamu.edu/login?url=http://galenet.galegroup.com/servlet/MOME?af=RN&ae=U111230322&srchtp=a&ste=14&locID=txshracd2898  |z Connect to the full text of this electronic book  |t 0 
999 |a MARS 
999 f f |s cecd45ab-329b-3afd-bc19-25af191e24f0  |i d0ce84d3-37ad-3159-b000-ecea8e53e10a  |t 0 
952 f f |a Texas A&M University  |b College Station  |c Electronic Resources  |d Available Online  |t 0  |h No information provided 
998 f f |t 0  |l Available Online